Old farm buildings in a new countryside: redundancy, conversion and conservation in the 1990s: papers presented to the Historic Farm Buildings Group one day conference held on November 29th 1990 at the Westminster Centre, Royal Institution of Chartered Surveyors... (Record no. 89692)

MARC details
000 -LEADER
fixed length control field 01807cam a2200277 4500
008 - FIXED-LENGTH DATA ELEMENTS--GENERAL INFORMATION
fixed length control field 090401t1991 xxu||||| |||| 00| 0 eng d
020 ## - INTERNATIONAL STANDARD BOOK NUMBER
International Standard Book Number 0951750305
035 ## - SYSTEM CONTROL NUMBER
System control number (Sirsi) u32213
041 ## - LANGUAGE CODE
Language code of text/sound track or separate title eng
050 ## - LIBRARY OF CONGRESS CALL NUMBER
Classification number 631.2
110 ## - MAIN ENTRY--CORPORATE NAME
Corporate name or jurisdiction name as entry element Historic Farm Buildings Group
9 (RLIN) 3036
245 ## - TITLE STATEMENT
Title Old farm buildings in a new countryside: redundancy, conversion and conservation in the 1990s: papers presented to the Historic Farm Buildings Group one day conference held on November 29th 1990 at the Westminster Centre, Royal Institution of Chartered Surveyors...
260 ## - PUBLICATION, DISTRIBUTION, ETC.
Place of publication, distribution, etc. Reading
Name of publisher, distributor, etc. Historic Farm Buildings Trust
Date of publication, distribution, etc. 1991
300 ## - PHYSICAL DESCRIPTION
Extent 48p. : ill. ; 30cm.
350 ## - PRICE (NR) (BK AM CF MU VM SE) [OBSOLETE]
Price 5
520 ## - SUMMARY, ETC.
Summary, etc. Papers:- Old farm buildings: the background/ HARVEY, NIGEL - Farm buildings: the architectural achievement/ SELL, JOHN - Farm buildings as history/ MARTINS, SUSANNA WADE - Small is beautiful too: the Welsh dimension/ WILIAM, EURWYN - Old farm buildings in modern agriculture/ McLAUGHLIN, BRIAN - Old farm buildings: a headache for the landowner?/ COKE, LORD - Old farm buildings and the government`s agricultural policy/ CAMPBELL, FRANCES - Acceptable re-use: the English Heritage view/ AIRS, MALCOLM - New industries in old farm buildings/ RITCHIE, MARTIN - The economics of re-use/ BOND, STEPHEN - Farm buildings: conversion in practice/ RYAN, CAROLE - Old farm buildings and the planner: the Peak District example/ DOWER, MICHAEL - Old farm buildings: repair and maintenance/ DENYER, SUSAN.
650 ## - SUBJECT ADDED ENTRY--TOPICAL TERM
Topical term or geographic name entry element FARM BUILDINGS
650 ## - SUBJECT ADDED ENTRY--TOPICAL TERM
Topical term or geographic name entry element REDUNDANT BUILDINGS
690 ## - LOCAL SUBJECT ADDED ENTRY--TOPICAL TERM (OCLC, RLIN)
Topical term or geographic name as entry element CONSERVATION
700 ## - ADDED ENTRY--PERSONAL NAME
Personal name Martins, Susanna Wade
International Standard Serial Number Editor
710 ## - ADDED ENTRY--CORPORATE NAME
Corporate name or jurisdiction name as entry element Rural Development Commission
9 (RLIN) 2717
710 ## - ADDED ENTRY--CORPORATE NAME
Corporate name or jurisdiction name as entry element Royal Institution of Chartered Surveyors
9 (RLIN) 4900
710 ## - ADDED ENTRY--CORPORATE NAME
Corporate name or jurisdiction name as entry element English Heritage
9 (RLIN) 2714
942 ## - ADDED ENTRY ELEMENTS (KOHA)
Suppress in OPAC 0
948 ## - LOCAL PROCESSING INFORMATION (OCLC); SERIES PART DESIGNATOR (RLIN)
c (OCLC) 04/03/1997
Holdings
Withdrawn status Lost status Source of classification or shelving scheme Damaged status Not for loan Home library Current library Shelving location Date acquired Cost, normal purchase price Total Checkouts Full call number Barcode Date last seen Date last checked out Copy number Cost, replacement price Price effective from Koha item type
    Dewey Decimal Classification     London London Folio 02/10/1991 5.00 2 F631.2 30024329 06/08/2019 07/09/2001 1 5.00 06/08/2019 Book